| 000 | 00746nam a22002297a 4500 | ||
|---|---|---|---|
| 999 |
_c6418 _d6418 |
||
| 003 | AR-CdUCM | ||
| 008 | 190315b ||||| |||| 00| 0 spa d | ||
| 040 |
_aMUNICIPALIDAD PROVINCIAL DEL CUSCO _cBIBLIOTECA MUNICIPAL DEL CUSCO |
||
| 082 |
_a869.15 / _bF61 |
||
| 100 |
_aFlores Aguirre, Jesús _918239 |
||
| 245 | _aRomance del viejo Perú / | ||
| 260 |
_aLima : _bEds. Papel de Poesía, _c1948. |
||
| 300 |
_bilustraciones, _c24 cm. |
||
| 500 | _aDonación de la familia Nieto. No cuenta con la numeración impresa | ||
| 650 |
_aPerú _935 |
||
| 650 |
_aPoesía peruana _9806 |
||
| 650 |
_aSiglo XX _98 |
||
| 700 |
_aMuñoz Cota, José _918240 |
||
| 700 |
_aaCamino Brent, Enrique (Ilustrador) _918241 |
||
| 942 |
_2ddc _cLIBROS |
||
| 945 | _araen | ||